| 000 | 00623cam a22002171 4500 | ||
|---|---|---|---|
| 001 | sa 68014574 | ||
| 003 | DLC | ||
| 005 | 20260227112633.0 | ||
| 008 | 890317s1965 io ac 000 0 ind | ||
| 010 | _asa 68014574 | ||
| 035 | _a(OCoLC)23560924 | ||
| 040 |
_aDLC _cMiU _dDLC |
||
| 042 | _apremarc | ||
| 050 | 0 | 0 |
_aJQ779.A55 _bN6 |
| 100 | 1 |
_aNotosoetardjo, Achmad, _cHadji. |
|
| 245 | 1 | 0 | _aMendongkel "ABC politik" P. K. I., |
| 260 |
_a[Djakarta] _bMadjalah "Api Islam," _c1965. |
||
| 300 |
_a117 p. _billus., ports. _c21 cm. |
||
| 610 | 2 | 0 | _aPartai Komunis Indonesia. |
| 710 | 2 |
_aPartai Komunis Indonesia. _bABC politik. |
|
| 999 |
_c85887 _d85887 |
||